[Event "AUTO-ELITE-1498"]
[Site "http://www.queenalice.com/game.php?id=1360524"]
[Date "2015.5.19"]
[Round "1"]
[White "Lucio1973"]
[Black "Donidon"]
[Result "0-1"]
[WhiteElo "2255"]
[BlackElo "2445"]

1. e4 c5 2. c3 d5 3. exd5 Qxd5 4. Qf3 Nf6 5. Bb5+ Bd7 6. Qxd5 Nxd5 7. Bxd7+ Nxd7
8. Nf3 Nf4 9. O-O Ne2+ 10. Kh1 Nxc1 11. Rxc1 e5 12. Re1 f6 13. Na3 a6 14. d4
cxd4 15. Nxd4 Bxa3 16. bxa3 Kf7 17. Nb3 Rac8 18. Red1 Ke7 19. Rac1 b5 20. a4
bxa4 21. Nd2 Nc5 22. Nf3 Ne4 23. c4 Nxf2+ 24. Kg1 Nxd1 25. Rxd1 Rxc4 0-1

[Event "AUTO-ELITE-1498"]
[Site "http://www.queenalice.com/game.php?id=1360527"]
[Date "2015.5.19"]
[Round "1"]
[White "janeil"]
[Black "Lucio1973"]
[Result "1-0"]
[WhiteElo "2514"]
[BlackElo "2288"]

1. e4 e6 2. d4 d5 3. Nc3 Nf6 4. Bg5 dxe4 5. Nxe4 Be7 6. Bxf6 gxf6 7. Nf3 b6 8.
Bc4 Bb7 9. Qe2 O-O 10. O-O-O f5 11. Ng3 Nd7 12. d5 exd5 13. Bxd5 c6 14. Bb3 Qe8
15. Rhe1 1-0

[Event "AUTO-ELITE-1498"]
[Site "http://www.queenalice.com/game.php?id=1360528"]
[Date "2015.5.19"]
[Round "1"]
[White "Lucio1973"]
[Black "janeil"]
[Result "0-1"]
[WhiteElo "2187"]
[BlackElo "2529"]

1. e4 c5 2. c3 Nf6 3. Bd3 Nc6 4. Nf3 d5 5. exd5 Qxd5 6. Qe2 Bg4 7. Bc4 Qd7 8.
Bb5 a6 9. Ba4 e6 10. d3 b5 11. Bc2 Bd6 12. h3 Bh5 13. Nbd2 O-O 14. O-O Nd5 15.
Ne4 Be7 16. Ng3 Bg6 17. Re1 h6 18. Bd2 Rfe8 19. Rac1 Rad8 20. Ne5 Nxe5 21. Qxe5
Nf6 22. Red1 c4 23. d4 Bd6 24. Qe1 e5 25. Be3 e4 26. Nf1 Nd5 27. Rd2 f5 28. Re2
f4 29. Bd2 Nf6 30. Nh2 f3 31. Re3 fxg2 32. Kxg2 Nd5 33. Re2 Qf5 34. Qf1 Qh5 35.
Bd1 e3 36. Rxe3 Nxe3+ 37. Bxe3 Be4+ 0-1

[Event "AUTO-MASTER-2302"]
[Site "http://www.queenalice.com/game.php?id=1361587"]
[Date "2015.5.25"]
[Round "1"]
[White "cksl333"]
[Black "Lucio1973"]
[Result "1-0"]
[WhiteElo "2220"]
[BlackElo "2252"]

1. d4 Nf6 2. Nf3 g6 3. Bf4 Bg7 4. e3 O-O 5. Be2 b6 6. O-O Bb7 7. h3 d6 8. Bh2
Nbd7 9. c3 c5 10. Nbd2 cxd4 11. exd4 Rc8 12. Re1 Nd5 13. Bc4 N7f6 14. a4 a6 15.
Qe2 Re8 16. Bxa6 Bxa6 17. Qxa6 Ra8 18. Qd3 Qd7 19. Qb5 Qxb5 20. axb5 Rec8 21.
Bg3 Kf8 22. Nh2 Bh6 23. Ndf1 Nc7 24. Ng4 Nxg4 25. hxg4 Nxb5 26. Ne3 Bxe3 27.
fxe3 Nc7 28. Kf2 Ne6 29. Ke2 Ng5 30. Kd3 d5 31. Bf4 Ne4 32. Rxa8 Rxa8 33. c4 e6
34. Rc1 Rc8 35. b3 Ke7 36. b4 Nf2+ 37. Ke2 Nxg4 38. c5 bxc5 39. bxc5 f6 40. Bd6+
Kd7 41. Ra1 h5 42. Ra7+ Kd8 43. Rg7 g5 44. Rh7 h4 45. Be7+ Ke8 46. Bd6 Kd8 47.
Kf3 Nh2+ 48. Bxh2 1-0

[Event "AUTO-MASTER-2302"]
[Site "http://www.queenalice.com/game.php?id=1361588"]
[Date "2015.5.25"]
[Round "1"]
[White "Lucio1973"]
[Black "cksl333"]
[Result "1/2-1/2"]
[WhiteElo "2249"]
[BlackElo "2246"]

1. e4 d5 2. exd5 Qxd5 3. Nc3 Qd6 4. d4 Nf6 5. Be2 g6 6. Be3 Bg7 7. h3 c6 8. Nf3
Nbd7 9. O-O O-O 10. Qd2 Nb6 11. Rad1 Nbd5 12. Nxd5 Nxd5 13. Bh6 f6 14. Bxg7 Kxg7
15. c3 Be6 16. Rfe1 Bf7 17. g3 Qc7 18. Bd3 Rfe8 19. Nh2 e5 20. Ng4 exd4 21. cxd4
g5 22. h4 Bh5 23. Nxf6 Nxf6 24. Qxg5+ Bg6 25. f4 Nh5 26. f5 Qxg3+ 27. Qxg3 Nxg3
28. fxg6 hxg6 29. Kg2 Nf5 30. Bxf5 gxf5 31. Kg3 Kf6 32. Kf4 Rh8 33. Rh1 Rh5 34.
d5 cxd5 35. Rxd5 Rg8 36. Rd6+ Ke7 37. Rd5 Rg4+ 38. Kf3 Rgxh4 1/2-1/2

[Event "AUTO-MASTER-2302"]
[Site "http://www.queenalice.com/game.php?id=1361601"]
[Date "2015.5.25"]
[Round "1"]
[White "duschgel"]
[Black "Lucio1973"]
[Result "1-0"]
[WhiteElo "1998"]
[BlackElo "2184"]

1. c4 Nf6 2. Nc3 e5 3. g3 c6 4. e4 Bc5 5. Nge2 O-O 6. Bg2 d6 7. O-O Be6 8. d3 h6
9. Be3 Nbd7 10. Bxc5 Nxc5 11. f4 exf4 12. gxf4 Bg4 13. h3 Bh5 14. d4 Ncd7 15.
Qb3 Qc7 16. Ng3 Bg6 17. Rae1 Rfe8 18. e5 dxe5 19. dxe5 Nc5 20. Qa3 Nfd7 21. f5
Bh7 22. Nh5 Rxe5 23. Rxe5 Qxe5 24. b4 Na6 25. b5 Qc5+ 26. Qxc5 Naxc5 27. bxc6
bxc6 28. Bxc6 Rc8 29. Bd5 Nf6 30. Nxf6+ gxf6 31. Nb5 a6 32. Nd6 Rf8 33. Rf3 Rb8
34. Nxf7 Kf8 35. Nxh6 Nd7 36. Re3 Ne5 37. Ra3 Kg7 38. Ng4 Bxf5 39. Nxe5 fxe5 40.
Kf2 Rf8 41. Ke2 Rf6 42. c5 Bd7 43. Ke3 Bxh3 44. Ke4 Bg2+ 45. Kxe5 Bxd5 46. Kxd5
Kf7 47. c6 Ke7 48. Rxa6 Rf5+ 49. Kc4 Kd8 50. Ra7 Kc8 51. a4 Kb8 52. Rb7+ Ka8 53.
Kb4 Rh5 54. a5 Rxa5 55. Rb5 Ra1 56. Ra5+ Rxa5 57. Kxa5 Ka7 58. Kb5 Ka8 59. Ka6
Kb8 60. Kb6 Kc8 61. c7 1-0

[Event "AUTO-MASTER-2302"]
[Site "http://www.queenalice.com/game.php?id=1361602"]
[Date "2015.5.25"]
[Round "1"]
[White "Lucio1973"]
[Black "duschgel"]
[Result "0-1"]
[WhiteElo "2225"]
[BlackElo "2067"]

1. e4 c6 2. d4 d5 3. exd5 Qxd5 4. c4 Qa5+ 5. Bd2 Qd8 6. Bc3 Bf5 7. Nf3 e6 8. Be2
Nf6 9. Nbd2 c5 10. O-O Be7 11. Qb3 Qc7 12. Rad1 O-O 13. Rfe1 Nc6 14. dxc5 Bxc5
15. Nh4 Bg6 16. Nhf3 Ng4 17. Rf1 Rad8 18. h3 Nf6 19. Nh4 Nd4 20. Bxd4 Rxd4 21.
Nxg6 hxg6 22. Nf3 Rxd1 23. Rxd1 Ne4 24. Rf1 Qg3 25. Qa3 Bxf2+ 26. Kh1 Bc5 27. b4
Nf2+ 28. Kg1 Nxh3+ 29. Kh1 Nf4 0-1

[Event "AUTO-MASTER-2302"]
[Site "http://www.queenalice.com/game.php?id=1361611"]
[Date "2015.5.25"]
[Round "1"]
[White "Lucio1973"]
[Black "honoriolemos"]
[Result "0-1"]
[WhiteElo "2208"]
[BlackElo "2142"]

1. e4 g6 2. d4 Bg7 3. Nc3 a6 4. Nf3 b5 5. a3 Bb7 6. Bd3 d6 7. Be3 Nd7 8. O-O e6
9. a4 c6 10. axb5 cxb5 11. Bf4 Nb6 12. Re1 Ne7 13. Qd2 h6 14. d5 e5 15. Be3 O-O
16. Na2 Rc8 17. Nc3 Kh7 18. Na2 f5 19. Nb4 fxe4 20. Bxe4 Nf5 0-1

[Event "AUTO-MASTER-2302"]
[Site "http://www.queenalice.com/game.php?id=1361612"]
[Date "2015.5.25"]
[Round "1"]
[White "honoriolemos"]
[Black "Lucio1973"]
[Result "1-0"]
[WhiteElo "2128"]
[BlackElo "2205"]

1. d4 Nf6 2. c4 g6 3. Nc3 Bg7 4. Nf3 O-O 5. e4 d6 6. Be2 Na6 7. O-O c5 8. d5 Nd7
9. a3 Ne5 10. Rb1 Nc7 11. b4 b6 12. bxc5 dxc5 13. Nxe5 Bxe5 14. Be3 Bg7 15. Qc2
Ne8 16. Rbd1 Nd6 17. Bf3 Ba6 18. Be2 1-0

[Event "AUTO-MASTER-2167"]
[Site "http://www.queenalice.com/game.php?id=1366239"]
[Date "2015.6.18"]
[Round "2"]
[White "janeil"]
[Black "Lucio1973"]
[Result "1-0"]
[WhiteElo "2528"]
[BlackElo "2189"]

1. e4 e6 2. d4 d5 3. Nc3 Nf6 4. e5 Nfd7 5. f4 c5 6. Nf3 Nc6 7. Be3 Qb6 8. Na4
Qa5+ 9. c3 cxd4 10. b4 Nxb4 11. cxb4 Bxb4+ 12. Bd2 Bxd2+ 13. Nxd2 O-O 14. Bd3
Nc5 15. Nxc5 Qxc5 16. O-O Bd7 17. Rc1 Qa3 18. Rf3 Qxa2 19. Ra1 Qb2 20. Bxh7+
Kxh7 21. Rb3 1-0

[Event "AUTO-MASTER-2167"]
[Site "http://www.queenalice.com/game.php?id=1366240"]
[Date "2015.6.18"]
[Round "2"]
[White "Lucio1973"]
[Black "janeil"]
[Result "0-1"]
[WhiteElo "2254"]
[BlackElo "2519"]

1. e4 c5 2. Nf3 d6 3. d4 cxd4 4. Nxd4 Nf6 5. Nc3 a6 6. Bc4 e6 7. Bb3 b5 8. a3
Be7 9. O-O O-O 10. f4 Nbd7 11. Bxe6 fxe6 12. Nxe6 Qb6+ 13. Kh1 Re8 14. f5 Ne5
0-1

[Event "AUTO-MASTER-2167"]
[Site "http://www.queenalice.com/game.php?id=1366243"]
[Date "2015.6.18"]
[Round "2"]
[White "Lucio1973"]
[Black "Constante"]
[Result "0-1"]
[WhiteElo "2176"]
[BlackElo "2298"]

1. e4 e5 2. Nf3 d6 3. Nc3 Nf6 4. d4 Nbd7 5. Bb5 c6 6. Bd3 Be7 7. O-O O-O 8. h3
Re8 9. Re1 Bf8 10. Bg5 Qc7 11. d5 a6 12. Bc4 b5 13. dxc6 bxc4 14. Bxf6 Nxf6 15.
Nd5 Qxc6 16. Nxf6+ gxf6 17. Nh4 Bg7 18. Qh5 d5 19. exd5 Qxd5 20. Rad1 Qc6 21.
Nf5 Bxf5 22. Qxf5 e4 23. c3 Re5 24. Qf4 Rae8 25. Rd4 f5 26. Red1 e3 27. fxe3
Rxe3 0-1

[Event "AUTO-MASTER-2167"]
[Site "http://www.queenalice.com/game.php?id=1366244"]
[Date "2015.6.18"]
[Round "2"]
[White "Constante"]
[Black "Lucio1973"]
[Result "0-1"]
[WhiteElo "2268"]
[BlackElo "2166"]

1. e4 e6 2. d4 d5 3. Nc3 Nf6 4. Bg5 dxe4 5. Bxf6 Qxf6 6. Nxe4 Qg6 7. Ng3 Be7 8.
Nf3 O-O 9. Bd3 Qg4 10. c3 Nd7 11. Qd2 Bd6 12. Qc2 g6 13. O-O Nf6 14. Rfe1 b6 15.
Be4 Rb8 16. h3 Qf4 17. Bc6 Qh6 18. Re2 Bb7 19. Bxb7 Rxb7 20. Rae1 Rbb8 21. Ne4
Nxe4 22. Rxe4 a5 23. Rh4 Qg7 24. Qd2 Be7 25. Rhe4 Rbd8 26. Ne5 Bd6 27. Ng4 f5
28. Nh6+ Kh8 29. Rxe6 Rd7 30. Re8 Rd8 31. R8e6 Rf6 32. Qg5 Rdf8 33. Rxf6 Qxf6
34. Qe3 Kg7 35. d5 f4 36. Qe6 Qxe6 37. dxe6 Kxh6 38. f3 Kg7 39. Re4 Kf6 40. a3
Re8 41. b4 axb4 42. axb4 Rxe6 43. Kf2 Rxe4 44. fxe4 b5 45. Ke2 Ke5 46. Kf3 c5
47. bxc5 Bxc5 48. h4 h5 49. g4 Be3 50. gxh5 gxh5 51. Ke2 Kxe4 52. Kf1 Kd3 53.
Kg2 Kxc3 54. Kf3 b4 55. Ke4 b3 56. Kf3 b2 57. Ke2 b1=Q 58. Kf3 Qh1+ 59. Ke2 Qg2+
60. Ke1 Qf2+ 61. Kd1 Qd2# 0-1

[Event "AUTO-OPEN-3449"]
[Site "http://www.queenalice.com/game.php?id=1367439"]
[Date "2015.6.25"]
[Round "2"]
[White "LUKK22"]
[Black "Lucio1973"]
[Result "1-0"]
[WhiteElo "2636"]
[BlackElo "2190"]

1. g4 d5 2. c4 dxc4 3. Qa4+ c6 4. Qxc4 Nd7 5. Qc2 e5 6. Nc3 Ndf6 7. Nf3 Bd6 8.
g5 Nh5 9. d4 exd4 10. Nxd4 Ne7 11. Bd2 O-O 12. O-O-O Ng6 13. Ne4 Bf4 14. e3 Bc7
15. Bb4 Bg4 16. f3 Bf5 17. Nxf5 Qb8 18. Neg3 Nxg3 19. hxg3 Rd8 20. Ne7+ Nxe7 21.
Qxh7+ 1-0

[Event "AUTO-OPEN-3449"]
[Site "http://www.queenalice.com/game.php?id=1367440"]
[Date "2015.6.25"]
[Round "2"]
[White "Lucio1973"]
[Black "LUKK22"]
[Result "0-1"]
[WhiteElo "2177"]
[BlackElo "2636"]

1. d4 g6 2. c4 Nf6 3. Nc3 d5 4. cxd5 Nxd5 5. e4 Nxc3 6. bxc3 Bg7 7. Ba3 Nd7 8.
Qb3 O-O 9. Nf3 c5 10. Rd1 Qa5 11. Be2 Nf6 12. O-O Nxe4 13. Bb2 cxd4 14. cxd4 Bg4
15. Rfe1 Bxf3 16. Bxf3 Nd2 17. Qd3 Nxf3+ 18. Qxf3 e6 19. Qb3 Rfd8 20. Bc3 Qd5
21. Qa4 b5 22. Qb3 Rac8 0-1

[Event "AUTO-OPEN-3449"]
[Site "http://www.queenalice.com/game.php?id=1367443"]
[Date "2015.6.25"]
[Round "2"]
[White "josebaron"]
[Black "Lucio1973"]
[Result "1/2-1/2"]
[WhiteElo "2155"]
[BlackElo "2191"]

1. e4 e6 2. d4 d5 3. exd5 exd5 4. f4 Nf6 5. Nf3 Bg4 6. Be2 Bd6 7. O-O O-O 8. Ne5
Bxe2 9. Qxe2 Re8 10. Nc3 c6 11. Qf2 Nbd7 12. Nxd7 Qxd7 13. a3 Qf5 14. Re1 Ne4
15. Nxe4 dxe4 16. Re2 Re6 17. c3 Rae8 18. Be3 h5 19. Rae1 Rf6 20. g3 Qg4 21. Kh1
h4 22. Rg1 h3 23. Rge1 Bc7 24. b4 g6 25. a4 Rfe6 26. a5 Qf3+ 27. Kg1 Qg4 28. Kh1
f5 29. Qf1 R8e7 30. Kg1 Rg7 31. Kh1 Rge7 32. Qf2 Qf3+ 33. Kg1 Bd8 34. Qf1 Qg4
35. Kh1 Rg7 36. Rf2 Bf6 37. Qc4 Re7 38. Qe2 Qxe2 39. Rfxe2 Re8 40. Kg1 Kf7 41.
c4 1/2-1/2

[Event "AUTO-OPEN-3449"]
[Site "http://www.queenalice.com/game.php?id=1367444"]
[Date "2015.6.25"]
[Round "2"]
[White "Lucio1973"]
[Black "josebaron"]
[Result "1/2-1/2"]
[WhiteElo "2194"]
[BlackElo "2104"]

1. e4 e5 2. Nf3 Nc6 3. d4 exd4 4. Nxd4 d6 5. Be2 Nf6 6. Nc3 Be7 7. O-O Nxd4 8.
Qxd4 O-O 9. h3 c6 10. Bf4 Qb6 11. Qxb6 axb6 12. Rfd1 b5 13. Bf3 Be6 14. Bxd6
Bxd6 15. Rxd6 Rfd8 16. e5 Rxd6 17. exd6 Rd8 18. Rd1 Nd7 19. Ne4 Bd5 20. a3 f5
21. Ng5 Bxf3 22. gxf3 h6 23. Ne6 Re8 24. Nd4 Re5 25. Nb3 b6 26. Kg2 f4 27. Rd4
g5 28. Nd2 c5 29. Rd3 Kf7 30. Ne4 c4 31. Rd1 Ke6 32. Nc3 Nf6 33. Kf1 h5 34. Ne4
Nd7 1/2-1/2

[Event "AUTO-MASTER-2263"]
[Site "http://www.queenalice.com/game.php?id=1387377"]
[Date "2015.10.4"]
[Round "2"]
[White "BEBADO"]
[Black "Lucio1973"]
[Result "1-0"]
[WhiteElo "2366"]
[BlackElo "2198"]

1. e4 g6 2. d4 Bg7 3. f4 c5 4. d5 d6 5. Nf3 Bg4 6. h3 Bxf3 7. Qxf3 Nd7 8. Nc3 a6
9. a4 Rc8 10. a5 c4 11. Be2 Nc5 12. Bxc4 Nf6 13. Be2 O-O 14. Ra3 Ra8 15. O-O Qd7
16. b4 1-0

[Event "AUTO-MASTER-2263"]
[Site "http://www.queenalice.com/game.php?id=1387378"]
[Date "2015.10.4"]
[Round "2"]
[White "Lucio1973"]
[Black "BEBADO"]
[Result "0-1"]
[WhiteElo "2191"]
[BlackElo "2354"]

1. d4 d5 2. c4 c6 3. Nf3 Nf6 4. Nc3 dxc4 5. a4 Bf5 6. e3 e6 7. Bxc4 Bb4 8. O-O
O-O 9. h3 Nbd7 10. Qb3 Qb6 11. Nh4 Bg6 12. Nxg6 hxg6 13. Qc2 Rac8 14. Bd3 e5 15.
dxe5 Nxe5 16. Be2 Rfd8 17. b3 Rd7 18. e4 Rcd8 19. Be3 Qc7 20. f3 Nh5 21. Rfd1
Bxc3 22. Qxc3 Ng3 23. Kf2 Nxe2 24. Kxe2 Nd3 25. Rd2 Qh2 26. Kf1 Qh1+ 27. Bg1 Nf4
28. Raa2 Nxg2 29. Rxg2 Rd1+ 0-1